Cirkulární ekonomie a ekonomika 3 cirkularita v době energetické a bezpečnostní krize

Salvato in:
Dettagli Bibliografici
Autore principale: Kislingerová, Eva
Natura: Libro
Lingua:ceco
Pubblicazione: Praha Grada Publishing 2024
Edizione:1. vydání
Soggetti:
Tags: Aggiungi Tag
Nessun Tag, puoi essere il primo ad aggiungerne!!

MARC

LEADER 00000nam a2200000 4500
001 0307180
005 20250430080738.1
020 |a 978-80-247-0809-6 
041 0 |a cze 
044 |a CZ 
245 1 0 |a Cirkulární ekonomie a ekonomika 3  |b cirkularita v době energetické a bezpečnostní krize  |c Eva Kislingerová a kol. 
250 |a 1. vydání 
264 1 |a Praha  |b Grada Publishing  |c 2024 
300 |a 253 s. 
610 2 0 |a hospodárstvo obehové 
610 2 0 |a kríza energetická 
610 2 0 |a kríza pandemická 
610 2 0 |a vojny 
610 2 0 |a legislatíva 
610 2 0 |a energia atómová 
610 2 0 |a prostredie podnikateľské 
610 2 0 |a udržateľnosť 
610 2 0 |a ruch cestovný 
100 1 |a Kislingerová, Eva